Songs with Animals in the Title #3 - Statistics

General Stats
  • This quiz has been taken 41 times
  • The average score is 7 of 18
Answer Stats
Musical Act Song % Correct
Traditional Baa Baa Black {Sheep}
84%
Elton John Honky {Cat}
74%
Katy Perry Dark {Horse}
71%
Rolling Stones {Beast} Of Burden
55%
U2 Raised By {Wolves}
55%
The Beatles Everybody's Got Something to Hide Except Me and My {Monkey}
53%
Sweet {Fox} On The Run
47%
The Smashing Pumpkins Bullet with {Butterfly} Wings
42%
Pinkfong Baby {Shark}
39%
Owl City {Fireflies}
37%
Rolling Stones Little Red {Rooster}
29%
Pink Floyd {Pigs} On The Wing
29%
The Doors Peace {Frog}
26%
Heart {Barracuda}
21%
Rage Against The Machine {Bulls} On Parade
21%
Queen Great King {Rat}
21%
The Beatles Hey {Bulldog}
18%
Red Hot Chili Peppers True Men Don't Kill {Coyotes}
3%
No matching quizzes found
Score Distribution
Percent of People with Each Score
Percentile by Number Answered
Your Score History
You have not taken this quiz